00438nam a22001577a 450000500170000001000140001702000260003103700230005708200060008010000180008624500450010425000060014926000360015527000690019130000200026020260302121752.0 aBACCHEN26 a9789348156914c365.00 bPangram Publishers aN aHardy, Thomas aThe Mayor of Casterbridge/bThomas Hardy a1 aDelhibPangram Publishersc2025 aA 208, 2nd Floor, North Ex Mall, Sector-9, RohinibDelhie110085 a332.pc22cm(pb)